00483 2200181 4500001002100000005001500021035001900036245006500055100003100120250000500151300003900156260003900195082000700234084001300241020002100254990001300275990001300288INLIS00000000000067520220113093512$a 0010-0122000009$a Komik Next G: Kakak yang baik /$c Caroline timothy rumasingap$a Caroline timothy rumasingap$a 2$a 96 hlm : $b ilust ; $c 14.5 x 21 cm$a Bandung :$b Muffin Graphics,$c 2021$a 813$a 813 CAR k$a 978-602-367-896-9$a 0314/2021$a 0315/2021